[Event "Tourn. n7940"]
[Site "www.chess-mail.com"]
[Date "2015.03.04"]
[Round "1"]
[White "Maredocla"]
[Black "Oxycontin"]
[WhiteElo "1910"]
[BlackElo "2060"]
[Result "1-0"]
[Round "1"]
1.f4 d5
2.Ng1f3 Ng8f6
3.b3 g6
4.Bc1b2 Bf8g7
5.e3 O-O
6.Bf1e2 Nb8d7
7.O-O c6
8.c4 e6
9.Nb1a3 Rf8e8
10.Na3c2 Qd8c7
11.Ra1b1 Nf6e4
12.Bb2xg7 Kxg7
13.Qd1e1 Nd7f6
14.d3 Ne4c5
15.Qe1h4 h6
16.Nf3e5 Nc5d7
17.Ne5g4 Nf6xg4
18.Be2xg4 Nd7f6
19.Nc2d4 c5
20.Nd4b5 Qc7b6
21.Bg4f3 dxc4
22.dxc4 a6
23.Nb5c3 Bc8d7
24.e4 Bd7c6
25.e5 Nf6d7
26.Rb1d1 Ra8d8
27.Rf1f2 Bc6xf3
28.Rf2xf3 Nd7f8
29.Rf3d3 Rd8d4
30.Rd3xd4 cxd4
31.Nc3e4 Nf8h7
32.c5 Qb6b4
33.Ne4d6 Re8g8
34.Qh4e7 Rg8f8
35.c6 Qb4b6
36.c7 d3
37.Kh1 { resign }
1-0

[Event "Tourn. n8063"]
[Site "www.chess-mail.com"]
[Date "2015.03.04"]
[Round "1"]
[White "Comrade"]
[Black "Julian"]
[WhiteElo "2170"]
[BlackElo "2000"]
[Result "0-1"]
[Round "1"]
1.c4 Ng8f6
2.Nb1c3 d6
3.d4 g6
4.e4 Bf8g7
5.f4 c6
6.Ng1f3 e5
7.fxe5 dxe5
8.Nf3xe5 O-O
9.Bf1e2 Nb8d7
10.Ne5xd7 Bc8xd7
11.Bc1g5 Qd8a5
12.O-O Qa5xg5
{ resign }
0-1

[Event "Match"]
[Site "www.echecsemail.com"]
[Date "2015.03.04"]
[Round "1"]
[White "Sagara1977"]
[Black "Azulmarino"]
[WhiteElo "1510"]
[BlackElo "1540"]
[Result "1-0"]
[Round "1"]
1.e4 e5
2.Qd1f3 Ng8f6
3.Bf1c4 Bf8c5
4.g4 g5
5.d4 Bc5b4
6.c3 Bb4d6
7.Bc1xg5 Bd6e7
8.dxe5 Rh8g8
9.exf6 Be7c5
10.Ng1h3 d6
11.O-O Nb8c6
12.Rf1e1 Nc6e5
13.Qf3e2 Ne5f3
14.Qe2xf3 Bc8d7
15.e5 Bd7c6
16.Bc4d5 Qd8d7
17.exd6 Kd8
18.Bd5xc6 bxc6
19.dxc7 Qd7xc7
20.Re1e7 Qc7d6
21.Nb1a3 Rg8f8
22.Ra1d1 Bc5xf2
23.Nh3xf2 Qd6xd1
24.Qf3xd1 { resign }
1-0

[Event "Match"]
[Site "www.echecsemail.com"]
[Date "2015.03.04"]
[Round "1"]
[White "F14"]
[Black "Rob33"]
[WhiteElo "1850"]
[BlackElo "2329"]
[Result "1-0"]
[Round "1"]
1.d4 f5
2.Ng1f3 e6
3.e4 fxe4
4.Nf3e5 Ng8f6
5.Bc1g5 Bf8e7
6.Bg5xf6 Be7xf6
7.Qd1h5 g6
8.Ne5xg6 Rh8g8
9.Ng6e5 Kf8
10.Qh5f7 
1-0

[Event "Match"]
[Site "www.echecsemail.com"]
[Date "2015.03.04"]
[Round "1"]
[White "Brigs"]
[Black "Krystek23"]
[WhiteElo "2450"]
[BlackElo "2340"]
[Result "1-0"]
[Round "1"]
1.e4 c5
2.Ng1f3 e6
3.d4 cxd4
4.Nf3xd4 Nb8c6
5.Nd4b5 d6
6.c4 a6
7.Nb5a3 Ng8f6
8.Nb1c3 Qd8a5
9.Bc1d2 Bf8e7
10.Nc3d5 Qa5d8
11.Nd5xe7 Qd8xe7
12.Bf1d3 O-O
13.O-O h6
14.f4 Qe7c7
15.Bd2c3 e5
16.Na3c2 b5
17.cxb5 axb5
18.a3 Bc8e6
19.Qd1e2 Rf8c8
20.Ra1c1 Nc6a5
21.Nc2e3 Na5b3
22.Rc1d1 Nb3d4
23.Qe2e1 Qc7b6
24.Kh1 Nd4c6
25.fxe5 Nc6xe5
26.Rf1xf6 gxf6
27.Bd3c2 Ra8a6
28.Qe1g3 Kf8
29.Ne3d5 Be6xd5
30.exd5 b4
31.axb4 Rc8c4
32.h3 Rc4xb4
33.Bc3xb4 Qb6xb4
34.b3 Ra6a2
35.Bc2h7 Ke7
36.Bh7f5 Ra2b2
37.Rd1f1 Rb2xb3
38.Qg3f2 Qb4c5
39.Qf2f4 Qc5e3
40.Qf4h4 Rb3c3
41.Bf5e4 Qe3g5
42.Qh4f2 h5
43.Qf2b2 Rc3c4
44.Be4f3 Ne5xf3
45.gxf3 Qg5h4
46.Kh2 Qh4f4
47.Kh1 Rc4e4
48.Qb2c2 Re4e3
49.Qc2c7 Kf8
50.Qc7c8 Kg7
51.Rf1g1 { resign }
1-0

[Event "Match"]
[Site "www.echecsemail.com"]
[Date "2015.03.04"]
[Round "1"]
[White "Sorren"]
[Black "Fangshuo"]
[WhiteElo "1840"]
[BlackElo "2010"]
[Result "0-1"]
[Round "1"]
1.e4 e5
2.Ng1f3 Nb8c6
3.Bf1b5 a6
4.Bb5a4 b5
5.Ba4b3 Ng8f6
6.O-O Bf8e7
7.d4 exd4
8.Nf3xd4 Bc8b7
9.Rf1e1 Nc6e5
10.Nb1c3 O-O
11.Bc1f4 d6
12.a3 c5
13.Nd4f5 c4
14.Bb3a2 Qd8c7
15.Qd1e2 Rf8e8
16.Ra1d1 Ra8d8
17.h3 Ne5g6
18.Bf4h2 Be7f8
19.Qe2d2 Re8e6
20.Qd2e2 Nf6xe4
21.Nc3xe4 Re6xe4
22.Qe2h5 Ng6e5
23.Re1xe4 Bb7xe4
24.Nf5xd6 Rd8xd6
25.Rd1xd6 Bf8xd6
26.Bh2xe5 Bd6xe5
{ resign }
0-1

[Event "Match"]
[Site "www.echecsemail.com"]
[Date "2015.03.04"]
[Round "1"]
[White "F14"]
[Black "Germancho95"]
[WhiteElo "1599"]
[BlackElo "1590"]
[Result "1/2-1/2"]
[Round "1"]
1.e4 c5
2.Ng1f3 d6
3.d4 cxd4
4.Nf3xd4 Ng8f6
5.Nb1c3 a6
6.Bc1e3 e5
7.Nd4b3 Bf8e7
8.h3 Bc8e6
9.Bf1e2 O-O
10.Qd1d2 Nb8c6
11.O-O-O b5
12.f3 b4
13.Nc3d5 a5
14.Nd5xe7 Qd8xe7
15.Qd2xd6 Rf8c8
16.Nb3c5 Be6xa2
17.Be2b5 Nf6e8
18.Qd6xe7 Nc6xe7
19.b3 Ne8c7
20.Bb5a4 Nc7a6
21.Nc5xa6 Ra8xa6
22.Kb2 Ba2xb3
23.cxb3 f6
24.Rd1d7 Ne7c6
25.Ba4xc6 Ra6xc6
26.Rd7d2 Kf7
27.Rh1d1 Kg6
28.g3 Rc6c3
29.g4 Rc3xe3
30.Rd2d3 Re3e2
31.Rd1d2 Re2e1
32.Rd2d1 Re1e2
33.Rd1d2 Re2e1
34.Rd2d1 Re1e2
35.Rd1d2 Re2e1
36.Rd2d1 { draw }
1/2-1/2

[Event "Match"]
[Site "www.echecsemail.com"]
[Date "2015.03.04"]
[Round "1"]
[White "Wagner"]
[Black "Harrytheking"]
[WhiteElo "1620"]
[BlackElo "1690"]
[Result "1-0"]
[Round "1"]
1.e4 b6
2.g4 Bc8b7
3.Nb1c3 e6
4.a3 Ng8e7
5.Ng1h3 h6
6.Bf1g2 Ne7g6
7.d4 Bf8e7
8.d5 e5
9.b4 d6
10.Qd1f3 Ng6h4
11.Qf3g3 Nh4xg2
12.Qg3xg2 Nb8d7
13.Bc1d2 a6
14.f4 Be7h4
15.Ke2 O-O
16.g5 hxg5
17.fxg5 a5
18.Qg2g4 Bh4xg5
19.Bd2xg5 f6
20.Bg5h6 Rf8f7
21.Rh1f1 f5
22.Rf1xf5 Nd7f6
23.Qg4g6 Bb7a6
24.Kf2 Ba6c8
25.Nh3g5 Bc8xf5
26.Qg6xf7 { resign }
1-0

[Event "Match"]
[Site "www.echecsemail.com"]
[Date "2015.03.04"]
[Round "1"]
[White "Wildtiger"]
[Black "Ditto"]
[WhiteElo "1219"]
[BlackElo "1630"]
[Result "1/2-1/2"]
[Round "1"]
1.e4 e5
2.Ng1f3 Nb8c6
3.Bf1b5 Bf8c5
4.O-O Ng8f6
5.d3 O-O
6.Bb5xc6 bxc6
7.Nf3xe5 Bc8b7
8.d4 Bc5b6
9.Kh1 Nf6xe4
10.Qd1d3 c5
11.d5 Ne4f6
12.c4 d6
13.Ne5f3 Rf8e8
14.Bc1g5 Bb7c8
15.Qd3c3 Bc8f5
16.Nb1d2 a5
17.Rf1e1 a4
18.Re1xe8 Qd8xe8
19.Bg5xf6 gxf6
20.Qc3xf6 Bf5g6
21.h4 Ra8b8
22.Ra1e1 { draw }
1/2-1/2

[Event "Match"]
[Site "www.echecsemail.com"]
[Date "2015.03.04"]
[Round "1"]
[White "Castletyme"]
[Black "Saidgermany"]
[WhiteElo "1900"]
[BlackElo "1809"]
[Result "0-1"]
[Round "1"]
1.e4 c6
2.Ng1f3 d5
3.exd5 cxd5
4.Bf1b5 Bc8d7
5.Bb5xd7 Nb8xd7
6.O-O Ng8f6
7.Nb1c3 e6
8.d3 Bf8d6
9.Nc3e2 O-O
10.Ne2g3 Qd8c7
11.Bc1g5 Rf8c8
12.Bg5xf6 Nd7xf6
13.c3 b5
14.Nf3d4 a6
15.a4 b4
16.cxb4 Bd6xb4
17.Ng3h5 Bb4e7
18.Nh5xf6 Be7xf6
19.Nd4f3 Bf6xb2
20.Ra1b1 Bb2f6
21.Rb1c1 Qc7a5
22.Rc1xc8 Ra8xc8
23.Nf3d2 Qa5c3
24.Nd2b1 Qc3c2
25.Qd1xc2 Rc8xc2
26.g3 Rc2a2
27.h4 Ra2xa4
{ resign }
0-1

[Event "Eq:CONFOEDERATIONIS HELVETICAE-Slap Shot Mates : "]
[Site "www.chess-mail.com"]
[Date "2015.03.04"]
[Round "1"]
[White "Edijs"]
[Black "Conde7"]
[WhiteElo "2750"]
[BlackElo "2780"]
[Result "0-1"]
[Round "1"]
1.d4 Ng8f6
2.c4 g6
3.Nb1c3 c5
4.d5 Bf8g7
5.e4 d6
6.Bf1d3 O-O
7.h3 a6
8.Ng1f3 b5
9.cxb5 axb5
10.Nc3xb5 Nb8a6
11.Nb5c3 Na6b4
12.Bd3e2 e6
13.Bc1g5 exd5
14.exd5 h6
15.Bg5xf6 Qd8xf6
16.a3 Nb4a6
17.Qd1d2 Bc8f5
18.O-O Rf8b8
19.Ra1a2 Na6c7
20.Rf1e1 g5
21.a4 Nc7a6
22.Be2xa6 Ra8xa6
23.Re1e3 Ra6a8
24.Ra2a3 Bf5d7
25.b3 Qf6g6
26.a5 f5
27.Nf3h2 Ra8a7
28.Re3e2 h5
29.Nc3d1 f4
30.Re2e1 Rb8b4
31.Nd1c3 g4
32.h4 Bg7d4
33.Kh1 Bd4f6
34.Nc3e2 Qg6f5
35.g3 fxg3
36.Ne2xg3 Qf5g6
37.Nh2f1 Bf6xh4
38.Nf1e3 Rb4d4
39.Qd2e2 Bh4f6
40.Qe2c2 Qg6xc2
41.Ne3xc2 Rd4xd5
42.Nc2e3 Rd5e5
43.Re1d1 d5
44.Kg1 Bd7e6
45.Ra3a4 Bf6e7
46.Ng3f1 Ra7a6
 { time }
0-1

[Event "Eq:CONFOEDERATIONIS HELVETICAE-Slap Shot Mates : "]
[Site "www.chess-mail.com"]
[Date "2015.03.04"]
[Round "1"]
[White "Jacks"]
[Black "Edijs"]
[WhiteElo "2820"]
[BlackElo "2810"]
[Result "1-0"]
[Round "1"]
1.e4 c5
2.Ng1f3 e6
3.c3 Ng8f6
4.e5 Nf6d5
5.d4 cxd4
6.cxd4 d6
7.Bf1c4 Nd5b6
8.Bc4d3 Nb8c6
9.O-O Nc6b4
10.Bc1g5 Bf8e7
11.Bg5xe7 Qd8xe7
12.Nb1c3 Nb4xd3
13.Qd1xd3 O-O
14.Nc3e4 dxe5
15.dxe5 Bc8d7
16.Nf3d4 Nb6d5
17.Rf1e1 Ra8c8
18.Qd3g3 Qe7b4
19.Ra1d1 Kh8
20.Rd1d2 Rc8c7
21.a3 Qb4e7
22.Ne4d6 a6
23.h3 h6
24.Rd2d3 b6
25.Kh2 Kh7
26.Rd3f3 Rc7c5
27.Nd6e4 Rc5c4
28.Re1d1  { time }
1-0

[Event "Fast Game"]
[Site "www.echecsemail.com"]
[Date "2015.03.04"]
[Round "1"]
[White "Tomasseeber"]
[Black "Gerailen0075"]
[WhiteElo "1599"]
[BlackElo "1599"]
[Result "0-1"]
[Round "1"]
1.Ng1f3 Ng8f6
2.h3 c5
3.b4 cxb4
4.a3 e6
5.c3 bxc3
6.Nb1xc3 Nb8c6
7.e4 d6
8.Bf1e2 Bf8e7
9.O-O O-O
10.d4 d5
11.Qd1d3 dxe4
12.Nc3xe4 Nf6xe4
13.Qd3xe4 Be7f6
14.Be2d3 g6
15.Bc1h6 Bf6g7
16.Bh6xg7 Kxg7
17.Rf1c1 Qd8d6
18.Bd3b5 Nc6e7
19.Nf3e5 Qd6d5
20.Qe4d3 Ne7f5
21.Ne5f3 Rf8d8
22.Rc1c5 Qd5d6
23.Ra1c1 Bc8d7
24.g4 Bd7xb5
25.Rc5xb5 Nf5xd4
26.Qd3xd4 Qd6xd4
27.Nf3xd4 Rd8xd4
28.Rb5xb7 a5
29.Rc1c7 Rd4f4
30.Kg2 Ra8a6
31.g5 Rf4f5
32.h4 Ra6d6
33.Rc7c8 h6
34.f4 Rf5xf4
35.Kg3 hxg5
36.hxg5 Rf4f5
{ resign }
0-1

[Event "Fast Game"]
[Site "www.echecsemail.com"]
[Date "2015.03.04"]
[Round "1"]
[White "F14"]
[Black "Tomasseeber"]
[WhiteElo "1599"]
[BlackElo "1659"]
[Result "1-0"]
[Round "1"]
1.e4 d5
2.e5 c5
3.d4 cxd4
4.Qd1xd4 Nb8c6
5.Bf1b5 e6
6.Ng1f3 Qd8a5
7.Nb1c3 Ng8e7
8.O-O Ne7f5
9.Qd4a4 Bf8b4
10.Bb5xc6 Ke7
11.Qa4xa5 Bb4xa5
12.Bc6a4 d4
13.Nc3e4 b5
14.Ba4xb5 Ra8b8
15.Bb5d3 h5
16.Ra1b1 f6
17.Bc1d2 Ba5c7
18.exf6 gxf6
19.Ne4c5 Nf5g7
20.Nf3xd4 Rb8b6
21.Bd2a5 Rb6d6
22.Ba5xc7 Rd6xd4
23.Rf1e1 Bc8d7
24.Bc7a5 Bd7c6
25.h3 Kd6
26.Nc5b3 Rd4d5
27.Ba5c3 e5
28.Rb1d1 { resign }
1-0

[Event "Tourn. n7848"]
[Site "www.chess-mail.com"]
[Date "2015.03.05"]
[Round "1"]
[White "Roserl"]
[Black "Lundberg"]
[WhiteElo "1910"]
[BlackElo "1900"]
[Result "0-1"]
[Round "1"]
1.e4 d6
2.d4 Ng8f6
3.Nb1c3 g6
4.f4 Bf8g7
5.Ng1f3 c5
6.dxc5 Qd8a5
7.Bf1d3 Qa5xc5
8.Qd1e2 O-O
9.Bc1e3 Qc5a5
10.O-O Nb8c6
11.a3 e5
12.Qe2f2 Nf6g4
13.Qf2e2 Ng4xe3
14.Qe2xe3 Bc8g4
15.Nc3d1 Ra8c8
16.c3 Bg7h6
17.g3 exf4
18.gxf4 Rc8e8
19.Nf3d4 Re8e7
20.Qe3g3 Qa5h5
21.Nd1f2 Nc6xd4
22.cxd4 Bg4d7
23.Ra1e1 Rf8e8
24.f5 Bh6g7
25.fxg6 hxg6
26.Qg3xd6 Bd7c6
27.d5 Bc6d7
28.Bd3e2 Qh5g5
29.Qd6g3 Qg5xg3
30.hxg3 Bg7xb2
31.Re1b1 Bb2xa3
32.Rb1xb7 Ba3c5
33.Kg2 Bd7h3
34.Kxh3 Re7xb7
35.Be2f3 Bc5xf2
36.Rf1xf2 a5
37.Rf2a2 Rb7a7
38.Kg4 a4
39.Kf4 a3
40.e5 Re8b8
41.d6 Kf8
42.Bf3c6 Rb8b2
43.Bc6d5 Ra7a5
44.Ra2xb2 axb2
45.Bd5e4 Ra5a1
46.Kg5 b1Q
{ resign }
0-1

[Event "Tourn. n7920"]
[Site "www.chess-mail.com"]
[Date "2015.03.05"]
[Round "1"]
[White "Genius9"]
[Black "Gatrooper"]
[WhiteElo "1220"]
[BlackElo "1350"]
[Result "1-0"]
[Round "1"]
1.b3 b5
2.Bc1b2 d5
3.f4 Ng8f6
4.Ng1f3 Nb8c6
5.e3 Bc8g4
6.Bf1xb5 Bg4d7
7.O-O a6
8.Bb5xc6 Bd7xc6
9.Nf3e5 Bc6b7
10.Rf1e1 Nf6d7
11.Ne5xd7 Qd8xd7
12.Nb1c3 Qd7c6
13.d4 e5
14.fxe5 Qc6g6
15.Qd1e2 Bf8b4
16.a3 Bb4xc3
17.Bb2xc3 c5
18.Qe2f3 cxd4
19.exd4 O-O
20.Re1e2 Bb7c8
21.Qf3xd5 Bc8e6
22.Qd5e4 Be6f5
23.Qe4e3 Bf5g4
24.Re2f2 Bg4h3
25.Qe3xh3 Ra8a7
26.Ra1f1 h6
27.e6 f6
28.d5 Kh8
29.d6 Rf8d8
30.e7 Rd8e8
31.Bc3xf6 gxf6
32.Rf2xf6  { time }
1-0

[Event "Tourn. n7972"]
[Site "www.chess-mail.com"]
[Date "2015.03.05"]
[Round "1"]
[White "Falcoale"]
[Black "Colchester"]
[WhiteElo "1870"]
[BlackElo "1770"]
[Result "0-1"]
[Round "1"]
1.e4 c5
2.Ng1f3 Nb8c6
3.Nb1c3 e5
4.Bf1c4 Bf8e7
5.Nc3d5 d6
6.d3 Ng8f6
7.Nd5xe7 Nc6xe7
8.Bc1g5 Ne7g6
9.h3 h6
10.Bg5e3 O-O
11.Qd1d2 a6
12.Be3xh6 b5
13.Bc4b3 Qd8e7
14.Bh6g5 a5
15.a3 Bc8a6
16.h4 a4
17.Bb3a2 c4
18.O-O-O cxd3
19.Qd2xd3 Rf8d8
20.g3 b4
21.Qd3e3 bxa3
22.bxa3 Qe7c7
23.Nf3h2 Ra8c8
24.Rd1d2 Rc8b8
25.Nh2f3 Qc7b7
26.Bg5xf6 Qb7b2
{ resign }
0-1

[Event "Tourn. n8009"]
[Site "www.chess-mail.com"]
[Date "2015.03.05"]
[Round "1"]
[White "Falcoale"]
[Black "Birdchess"]
[WhiteElo "1810"]
[BlackElo "1660"]
[Result "1-0"]
[Round "1"]
1.e4 c5
2.Ng1f3 Nb8c6
3.Bf1c4 e6
4.Nb1c3 d6
5.O-O Bf8e7
6.d4 cxd4
7.Nf3xd4 Ng8f6
8.a3 O-O
9.f4 a6
10.b4 Nc6xd4
11.Qd1xd4 b5
12.Bc4a2 Bc8b7
13.Bc1b2 Ra8c8
14.Ra1c1 Qd8c7
15.e5 dxe5
16.fxe5 Rf8d8
17.Qd4f4 Nf6d5
18.Qf4xf7 Kh8
19.Nc3xd5 Bb7xd5
20.Ba2xd5 Rd8xd5
21.Qf7xe6 Rd5d8
22.Qe6g4 Qc7b6
23.Kh1 Rc8c4
24.Qg4f5 h6
25.Qf5f7 Rd8f8
26.Qf7xe7 { resign }
1-0

[Event "Tourn. n8094"]
[Site "www.chess-mail.com"]
[Date "2015.03.05"]
[Round "1"]
[White "Rons"]
[Black "Gorgo"]
[WhiteElo "2550"]
[BlackElo "2210"]
[Result "1/2-1/2"]
[Round "1"]
1.e4 c5
2.Ng1f3 d6
3.d4 cxd4
4.Nf3xd4 Ng8f6
5.Nb1c3 a6
6.Bc1e3 e5
7.Nd4b3 Bc8e6
8.f3 Bf8e7
9.Qd1d2 O-O
10.O-O-O Nb8d7
11.g4 b5
12.g5 b4
13.Nc3e2 Nf6e8
14.f4 a5
15.f5 a4
16.Nb3d4 exd4
17.Ne2xd4 b3
18.Kb1 bxa2
19.Ka1 Nd7c5
20.fxe6 Nc5xe6
21.Nd4xe6 fxe6
22.Bf1g2 Ne8c7
23.Rh1f1 Rf8xf1
24.Rd1xf1 Qd8c8
25.h4 Qc8b7
26.Qd2c3 Ra8b8
27.Bg2h3 g6
28.Kxa2 e5
29.Bh3d7 Nc7a6
30.Bd7xa4 Na6b4
31.Kb1 Nb4d5
32.exd5 Qb7a6
33.Qc3d3 Qa6xa4
34.c4 Rb8a8
35.Rf1g1 Be7d8
36.Rg1g4 Bd8c7
37.Rg4e4 Qa4a1
38.Kc2 Ra8b8
39.Be3c1 Rb8f8
40.Re4e1 Qa1a4
41.Kb1 Rf8a8
42.Qd3a3 Qa4e8
43.Qa3b3 Qe8c8
44.Qb3d3 Bc7b6
45.h5 gxh5
46.g6 Qc8a6
47.gxh7 Kh8
48.Re1f1 Bb6d4
49.Kc2 Qa6a4
50.Kd2 Ra8b8
51.Ke2 { draw }
1/2-1/2

[Event "Tourn. n8055"]
[Site "www.chess-mail.com"]
[Date "2015.03.05"]
[Round "1"]
[White "Jose"]
[Black "Emmanuelasi"]
[WhiteElo "2690"]
[BlackElo "2220"]
[Result "1-0"]
[Round "1"]
1.e4 Nb8c6
2.d4 e5
3.d5 Nc6e7
4.Ng1f3 Ne7g6
5.h4 h5
6.Bc1g5 Bf8e7
7.d6 cxd6
8.Nb1c3 Ng8f6
9.Nf3d2 a6
10.Nd2c4 Qd8c7
11.Bg5xf6 gxf6
12.Nc3d5 Qc7b8
13.Nc4b6 Ra8a7
14.Rh1h3 Be7d8
15.Rh3c3 Bd8xb6
16.Nd5xb6 Ke7
17.Qd1f3 { resign }
1-0

[Event "Tourn. n8000"]
[Site "www.chess-mail.com"]
[Date "2015.03.05"]
[Round "1"]
[White "Osopanda"]
[Black "Krasin"]
[WhiteElo "2020"]
[BlackElo "2130"]
[Result "1-0"]
[Round "1"]
1.c4 f5
2.Nb1c3 Ng8f6
3.g3 g6
4.Bf1g2 Bf8g7
5.e4 d6
6.d4 fxe4
7.Nc3xe4 Nf6xe4
8.Bg2xe4 Nb8d7
9.Ng1e2 Nd7f6
10.Be4g2 O-O
11.O-O e5
12.dxe5 dxe5
13.Qd1b3 Qd8e7
14.Ne2c3 Bc8e6
15.Nc3d5 Nf6xd5
16.cxd5 Be6f7
17.Rf1e1 c6
18.Bc1d2 Bf7xd5
19.Bg2xd5 cxd5
20.Qb3xd5 Kh8
21.Qd5e4 Qe7f7
22.Re1e2 Qf7f3
23.Qe4xf3 Rf8xf3
24.Kg2 Ra8f8
25.Bd2c3 h5
26.Ra1f1 Rf3f5
27.Re2e4 g5
28.Re4c4 g4
29.h3 gxh3
30.Kxh3 Rf5xf2
31.Rf1xf2 Rf8xf2
32.Rc4c7 Bg7f6
33.Rc7xb7 e4
34.Bc3xf6 Rf2xf6
35.Rb7e7 Rf6f2
36.Re7xe4 Rf2xb2
37.Re4a4 Rb2b7
38.Kh4 Kg8
39.Kxh5 Rb7b5
40.Kg6 Rb5b6
41.Kg5 Rb6b5
42.Kg6 Rb5b6
43.Kg5 Rb6b5
44.Kf4 Rb5b7
45.g4 Kg7
46.g5 Kg6
47.Ra4a6 Kg7
48.a3 Rb7c7
49.a4 Rc7e7
50.Kf5 Kf7
51.a5 Kg7
52.Ra6e6 Re7c7
53.a6 Kf7
54.g6 Kg7
55.Re6d6 Rc7e7
56.Rd6f6 Re7c7
57.Kg5 Rc7c5
58.Rf6f5 { resign }
1-0

[Event "Tourn. n7927"]
[Site "www.chess-mail.com"]
[Date "2015.03.05"]
[Round "1"]
[White "Genius9"]
[Black "Gatrooper"]
[WhiteElo "1220"]
[BlackElo "1300"]
[Result "1-0"]
[Round "1"]
1.d4 d5
2.Nb1c3 Ng8f6
3.Bc1g5 h6
4.Bg5xf6 exf6
5.Ng1f3 c6
6.e4 Bc8g4
7.Bf1e2 Bg4xf3
8.Be2xf3 dxe4
9.Nc3xe4 f5
10.Ne4c5 Bf8xc5
11.dxc5 Qd8e7
12.Qd1e2 Qe7xe2
13.Kxe2 O-O
14.Ra1d1 Nb8a6
15.Rh1e1 Ra8e8
16.Kf1 Re8xe1
17.Rd1xe1 Na6xc5
18.Re1e5 Nc5d7
19.Re5xf5 g6
20.Rf5f4 g5
21.Rf4d4 Nd7f6
22.g3 h5
23.Rd4d6 Kg7
24.Kg2 g4
25.Bf3e2 h4
26.gxh4 Nf6h5
27.Be2xg4 Nh5f6
28.h3 Nf6e4
29.Rd6d7 Ne4c5
30.Rd7d2  { time }
1-0

[Event "Tourn. n8048"]
[Site "www.chess-mail.com"]
[Date "2015.03.05"]
[Round "1"]
[White "Amaya"]
[Black "Colchester"]
[WhiteElo "1870"]
[BlackElo "1870"]
[Result "1/2-1/2"]
[Round "1"]
1.d4 f5
2.e3 Ng8f6
3.Bf1d3 e6
4.Nb1d2 Bf8e7
5.f4 O-O
6.Ng1f3 b6
7.O-O Bc8b7
8.c3 a6
9.a3 Be7d6
10.Nf3e5 Nb8c6
11.Qd1e1 Nc6e7
12.Qe1h4 Bd6xe5
13.fxe5 Ne7g6
14.Qh4g5 Nf6g4
15.Qg5xd8 Ra8xd8
16.Nd2f3 d6
17.Nf3g5 Rd8e8
18.exd6 cxd6
19.Bd3c4 d5
20.Bc4e2 Ng4f6
21.Bc1d2 Nf6e4
22.Ng5xe4 fxe4
23.Be2h5 Rf8xf1
24.Ra1xf1 b5
25.Bd2e1 Re8c8
26.Bh5xg6 hxg6
27.Be1h4 Bb7c6
{ draw }
1/2-1/2

[Event "Tourn. n8010"]
[Site "www.chess-mail.com"]
[Date "2015.03.05"]
[Round "1"]
[White "Passaroa25"]
[Black "Iko"]
[WhiteElo "1450"]
[BlackElo "1420"]
[Result "0-1"]
[Round "1"]
1.e4 e5
2.Ng1e2 d5
3.Ne2g3 d4
4.d3 c5
5.Nb1d2 Nb8a6
6.a3 Qd8a5
7.Bf1e2 Bf8e7
8.O-O Bc8e6
9.Nd2b3 Be6xb3
10.cxb3 Ng8f6
11.Bc1d2 Qa5c7
12.f3 O-O-O
13.Qd1e1 Qc7b6
14.Ng3f5 Be7f8
15.Qe1d1 g6
16.Nf5g3 h5
17.Rf1e1 h4
18.Ng3h1 Bf8e7
19.h3 Nf6h5
20.Qd1c2 g5
21.Nh1f2 f6
22.Nf2g4 Rd8d6
23.Re1b1 Nh5g3
24.Qc2d1 Qb6b5
25.a4 Ng3xe2
26.Qd1xe2 Qb5xb3
27.a5 b6
28.Qe2d1 Qb3xd1
29.Rb1xd1 Rd6d7
30.axb6 Rd7b7
31.bxa7 Rb7xa7
32.Rd1c1 Ra7b7
33.Ra1xa6 Rb7xb2
34.Rc1d1 Rh8d8
35.Bd2c1 Rb2b3
36.Ng4xf6 Kb7
37.Ra6e6 Be7f8
38.Re6xe5 Rd8a8
39.Bc1xg5 Ra8a2
40.Bg5xh4 Rb3b2
41.Re5g5 Bf8h6
42.Rg5xc5 Bh6e3
43.Kh1 Kb6
44.Nf6d7 Kb7
45.Bh4g5 Rb2xg2
46.Bg5xe3 dxe3
47.Rc5c1 Rg2h2
48.Kg1 Ra2g2
49.Kf1 e2
50.Ke1 Rh2h1
51.Kd2 exd1Q
{ resign }
0-1

[Event "Tourn. n8019"]
[Site "www.chess-mail.com"]
[Date "2015.03.05"]
[Round "1"]
[White "Samael"]
[Black "Supernovae"]
[WhiteElo "2090"]
[BlackElo "1850"]
[Result "0-1"]
[Round "1"]
1.d4 Ng8f6
2.Ng1f3 d5
3.Nb1c3 g6
4.e3 Bc8g4
5.Bf1e2 Bf8g7
6.h3 Bg4d7
7.Nf3e5 O-O
8.Ne5xd7 Nb8xd7
9.O-O Rf8e8
10.Bc1d2 e5
11.dxe5 Nd7xe5
12.a3 c5
13.Ra1b1 d4
14.exd4 cxd4
15.Nc3a2 Qd8c7
16.c3 d3
17.Be2f3 Ra8d8
18.Rf1e1 Ne5xf3
19.Qd1xf3 Qc7c4
20.Na2c1 Re8xe1
21.Bd2xe1 d2
22.Be1xd2 Rd8xd2
23.Qf3xb7 Rd2d1
24.Kh2 Qc4f4
{ resign }
0-1

[Event "Tourn. n8003"]
[Site "www.chess-mail.com"]
[Date "2015.03.05"]
[Round "1"]
[White "Genius9"]
[Black "Gatrooper"]
[WhiteElo "1400"]
[BlackElo "1460"]
[Result "1-0"]
[Round "1"]
1.d4 d5
2.c4 dxc4
3.e3 e6
4.Bf1xc4 Nb8c6
5.Ng1f3 a6
6.Nb1c3 Bf8b4
7.O-O Bb4xc3
8.bxc3 h6
9.Bc1a3 b5
10.Bc4b3 b4
11.Ba3xb4 a5
12.Bb4c5 Ng8f6
13.Bb3a4 Bc8d7
14.Ra1b1 Nf6e4
15.Qd1c2 f5
16.Ba4xc6  { time }
1-0

[Event "Tourn. n8082"]
[Site "www.chess-mail.com"]
[Date "2015.03.05"]
[Round "1"]
[White "Hansen"]
[Black "Vinvangogh"]
[WhiteElo "1440"]
[BlackElo "1340"]
[Result "0-1"]
[Round "1"]
1.e4 e5
2.Qd1h5 d6
3.Bf1c4 g6
4.Qh5f3 Ng8f6
5.d4 exd4
6.Bc1g5 Bc8g4
7.Qf3f4 Bf8e7
8.e5 dxe5
9.Qf4xe5 Nb8c6
10.Qe5f4 Be7b4
11.c3 dxc3
12.bxc3 Qd8e7
13.Kd2 Ra8d8
14.Bc4d3 Nf6e4
15.Kc2 f6
16.Bg5xf6 Ne4xf6
17.a3 Nc6e5
18.Bd3b5 c6
19.Bb5a4 Bg4d1
20.Kc1 Ne5d3
21.Kxd1 Nd3xf4
22.Kc2 Qe7e4
23.Kb2 Nf4d3
24.Kb3 Nd3c5
25.Ka2 Nc5xa4
26.axb4 b5
27.Ng1f3 O-O
28.Rh1e1 Qe4c2
29.Ka3 Qc2b2
{ resign }
0-1

[Event "Tourn. n8046"]
[Site "www.chess-mail.com"]
[Date "2015.03.05"]
[Round "1"]
[White "E4player"]
[Black "Falcoale"]
[WhiteElo "1809"]
[BlackElo "1840"]
[Result "1-0"]
[Round "1"]
1.e4 c5
2.Nb1c3 e6
3.Bf1c4 Nb8c6
4.Ng1f3 a6
5.d4 cxd4
6.Nf3xd4 Ng8f6
7.O-O Nc6e5
8.Bc4e2 b5
9.f4 Ne5c4
10.e5 Nf6d5
11.Nc3xd5 exd5
12.b3 Nc4b6
13.Bc1e3 Bc8b7
14.Qd1d3 Bf8e7
15.Nd4f5 Nb6c8
16.Nf5xg7 Kf8
17.f5 h5
18.f6 Be7a3
19.e6 dxe6
20.Ng7xe6 fxe6
21.Qd3g6 Rh8g8
22.Be3h6 Rg8g7
23.Bh6xg7 { resign }
1-0

[Event "Tourn. n8009"]
[Site "www.chess-mail.com"]
[Date "2015.03.05"]
[Round "1"]
[White "Georgepapi"]
[Black "Falcoale"]
[WhiteElo "1860"]
[BlackElo "1840"]
[Result "1-0"]
[Round "1"]
1.e4 c5
2.Ng1f3 Nb8c6
3.d4 e6
4.Nb1c3 cxd4
5.Nf3xd4 a6
6.Bc1e3 Ng8f6
7.f3 Bf8b4
8.Qd1d2 d5
9.a3 Bb4a5
10.Nd4b3 Ba5c7
11.O-O-O O-O
12.g4 b5
13.exd5 Nf6xd5
14.Nc3xd5 exd5
15.Qd2xd5 Qd8xd5
16.Rd1xd5 Rf8e8
17.Be3f2 Bc8e6
18.Rd5d1 Nc6e5
19.Bf1g2 Ne5c4
20.h3 Bc7f4
21.Kb1 Nc4e3
22.Bf2xe3 Bf4xe3
23.f4 Be3xf4
24.Bg2xa8 Re8xa8
25.Nb3d4 Bf4e5
26.Nd4xe6 fxe6
27.Rh1e1 Be5f6
28.Re1xe6 a5
29.Re6b6 b4
30.axb4 axb4
31.Rb6xb4 h6
32.c4 Kf7
33.c5 Ra8c8
34.Rb4c4 Rc8b8
35.b4 Rb8a8
36.Kc2 Ra8a2
37.Kb3 Ra2h2
38.Rd1d3 Kg6
39.c6 Bf6e5
40.c7 { resign }
1-0

[Event "Tourn. n8051"]
[Site "www.chess-mail.com"]
[Date "2015.03.05"]
[Round "1"]
[White "Krasin"]
[Black "Difficult"]
[WhiteElo "2220"]
[BlackElo "2060"]
[Result "1-0"]
[Round "1"]
1.e4 c5
2.c3 d6
3.d4 cxd4
4.cxd4 Ng8f6
5.Nb1c3 g6
6.f4 Bf8g7
7.Ng1f3 O-O
8.Bf1e2 a6
9.O-O b5
10.e5 Nf6g4
11.Nf3g5 Ng4h6
12.Be2f3 Ra8a7
13.Bc1e3 dxe5
14.dxe5 Ra7d7
15.Qd1e2 Nh6f5
16.Ra1d1 Nf5xe3
17.Qe2xe3 Rd7xd1
18.Rf1xd1 Qd8a5
19.Nc3d5 Qa5xa2
20.Nd5xe7 Kh8
21.Bf3d5 Qa2a4
22.b3 Qa4b4
23.Ne7xc8 Rf8xc8
24.Ng5xf7 { resign }
1-0

[Event "Tourn. n8125"]
[Site "www.chess-mail.com"]
[Date "2015.03.05"]
[Round "1"]
[White "Cristero"]
[Black "Tomasseeber"]
[WhiteElo "2170"]
[BlackElo "2210"]
[Result "0-1"]
[Round "1"]
1.e4 d5
2.exd5 Ng8f6
3.Bf1b5 Bc8d7
4.Bb5c4 Bd7g4
5.f3 Bg4f5
6.Nb1c3 c6
7.dxc6 Nb8xc6
8.d3 e6
9.Ng1e2 Qd8b6
10.Bc1d2 Bf8d6
11.Nc3b5 Bd6b8
12.a4 a6
13.a5 Qb6c5
14.Nb5c3 Bb8a7
15.Bd2g5 O-O-O
16.Rh1f1 Nc6e5
17.Bc4b3 Bf5xd3
18.cxd3 Ne5xd3
{ resign }
0-1

[Event "Match"]
[Site "www.echecsemail.com"]
[Date "2015.03.05"]
[Round "1"]
[White "Generalfree"]
[Black "Caspito"]
[WhiteElo "1840"]
[BlackElo "1840"]
[Result "0-1"]
[Round "1"]
1.e4 e5
2.Ng1f3 Nb8c6
3.Bf1c4 Nc6d4
4.Nf3xd4 exd4
5.Qd1h5 g6
6.Qh5e5 Qd8e7
7.Qe5xh8 Qe7xe4
8.Kf1 d5
9.Bc4d3 Qe4h4
10.Qh8xg8 Bc8e6
11.Qg8h8 O-O-O
12.g3 Qh4h3
13.Kg1 Rd8e8
14.Qh8xd4 b6
15.b3 Be6g4
16.Bd3a6 Kb8
17.Ba6f1 Re8e1
18.Qd4d3 Bg4f3
19.Qd3e3 Re1xf1
{ resign }
0-1